Modelling and controlling interstitial condensation in buildings (Record no. 104155)

MARC details
000 -LEADER
fixed length control field 00851cam a2200241 4500
001 - CONTROL NUMBER
control field L129359
008 - FIXED-LENGTH DATA ELEMENTS--GENERAL INFORMATION
fixed length control field 050414n2005 000 0 eng u
020 ## - INTERNATIONAL STANDARD BOOK NUMBER
International Standard Book Number 1860817386
035 ## - SYSTEM CONTROL NUMBER
System control number (Sirsi) u129359
041 ## - LANGUAGE CODE
Language code of text/sound track or separate title eng
050 ## - LIBRARY OF CONGRESS CALL NUMBER
Classification number 696
-- 18
100 ## - MAIN ENTRY--PERSONAL NAME
Personal name Sanders, Chris
245 ## - TITLE STATEMENT
Title Modelling and controlling interstitial condensation in buildings
260 ## - PUBLICATION, DISTRIBUTION, ETC.
Place of publication, distribution, etc. Watford
Name of publisher, distributor, etc. BRE
Date of publication, distribution, etc. 2005
300 ## - PHYSICAL DESCRIPTION
Extent 12p.
Dimensions 30cm.
350 ## - PRICE (NR) (BK AM CF MU VM SE) [OBSOLETE]
Price 12
490 ## - SERIES STATEMENT
Series statement BRE Information Paper
Volume/sequential designation 2/05
520 ## - SUMMARY, ETC.
Summary, etc. Considers the models that are available to analyse the risk of interstitial condensation within structures. This guidance is intended for those involved in the design and construction of buildings.
590 ## - LOCAL NOTE (RLIN)
Local note IKA150405
690 ## - LOCAL SUBJECT ADDED ENTRY--TOPICAL TERM (OCLC, RLIN)
Topical term or geographic name as entry element BUILT ENVIRONMENT-CONSTRUCTION DESIGN
710 ## - ADDED ENTRY--CORPORATE NAME
Corporate name or jurisdiction name as entry element United Kingdom
Subordinate unit Office of the Deputy Prime Minister
942 ## - ADDED ENTRY ELEMENTS (KOHA)
Suppress in OPAC 0
Holdings
Withdrawn status Lost status Source of classification or shelving scheme Damaged status Not for loan Home library Current library Shelving location Date acquired Total Checkouts Full call number Barcode Date last seen Date last checked out Copy number Price effective from Koha item type
    Dewey Decimal Classification     London London BRE publications 14/04/2005 1 ENQUIRY DESK 30069989 06/08/2019 23/12/2005 1 06/08/2019 Book